000 01278nam a2200229Ia 4500
001 L264-20813
003 IT-CnALBA
008 170116s9999||||xx |||||||||||||| ||und||
040 _aIT-CnALBA
_cIT-CnALBA
041 _aITALIANO
100 _aPASQUALE M. UMBERTO, SALESIANO
245 0 _aCATECHISMO E ANNO LITURGICO NELLA SCUOLA ELEMENTARE. GUIDA DI LEZIONI CATECHISTICHE.
250 _a1a ed.
260 _aTORINO - ASTI
_bDOTTRINA CRISTIANA. LIBR.
_c1957 [1° Ed.:1957 - Ed.Ling.Originale: 1957]
300 _a153 p.
500 _aPER L'AVVENTO NATALE EPIFANIA. PREQUARESIMA. QUARESIMA. PASQUA. PENTECOSTE. CORPO E ANIMA. DIO MISTERI CREAZIONE. ANGELI. PECCATO D'ORIGINE. MARIA E NASCITA DI GESÙ. MAGI. FUGA IN EGITTO. NAZARETH. BATTESIMO DI GESÙ. BATTESIMO. MIRACOLI DI GESÙ. PERDONO.
501 _aSocietà San Paolo EM - Piazza San Paolo, 14 - 12051 ALBA (CN) (non commercial uses only) ® Copyright 2017
520 _aPER L'AVVENTO NATALE EPIFANIA. PREQUARESIMA. QUARESIMA. PASQUA. PENTECOSTE. CORPO E ANIMA. DIO MISTERI CREAZIONE. ANGELI. PECCATO D'ORIGINE. MARIA E NASCITA DI GESÙ. MAGI. FUGA IN EGITTO. NAZARETH. BATTESIMO DI GESÙ. BATTESIMO. MIRACOLI DI GESÙ. PERDONO.
650 _aCULTO PUBBLICO LITURGIA
942 _cBK
957 _71
999 _a25550
_bNO
_g Copie: 1
_c279922
_d279922